| 000 | 00734nam a2200205 a 4500 | ||
|---|---|---|---|
| 001 | 001052341 | ||
| 003 | AM-YeHGA | ||
| 005 | 20250617151019.0 | ||
| 008 | 141218s1975 ||| r 000 0 rus d | ||
| 040 | _aAM-YeHGA | ||
| 041 | 1 |
_arus _bund |
|
| 100 | 1 | _aЧавайн, Сергей Григорьевич | |
| 245 | 1 | 0 |
_aЭлнет : _bРоман / _cСергей Чавайн ; Пер. с марийского Вл. Муравьева. |
| 260 |
_aМосква : _bСовременник, _c1975. |
||
| 300 |
_a270 с. : _bпортр. |
||
| 440 | 0 | _aБ-ка российского романа | |
| 653 | 0 | _aМарийская литература | |
| 700 | 1 |
_aМуравьев, Владимир _eпер. _4trl |
|
| 090 | _c344717 | ||
| 999 |
_c342922 _d342922 |
||